| 000 | 00671nam a2200217 a 4500 | ||
|---|---|---|---|
| 005 | 20140310183447.0 | ||
| 008 | 081006s19uu xx 00 eng d | ||
| 020 | _a9780071258937 | ||
| 050 |
_aT 58.62 _b.B477 2007 |
||
| 100 | _aBentley, Lonnie D. | ||
| 245 |
_aSystems analysis and design for the global enterprise. _cBently, Lonnie D. et. al. |
||
| 260 |
_aBoston : _bMcGraw-Hill, _c2007. |
||
| 300 |
_a747 p. : _bill. ; _c27 cm. |
||
| 521 | _aIT | ||
| 650 | _aComputer Studies. | ||
| 650 | _aManagement information systems. | ||
| 650 | _aElectronic information resource seraching. | ||
| 700 | _aWhitten, Jeffrey L. | ||
| 942 |
_cBK _2lcc _kFOR |
||
| 999 |
_c23268 _d23268 |
||